[Event "Naantali Avoin op"]
[Site "Naantali"]
[Date "2018.07.02"]
[Round "1"]
[White "Hautamaeki, Panu"]
[Black "Tuominen, Matias"]
[Result "1-0"]
[WhiteElo "1952"]
[BlackElo "1411"]
[PlyCount "55"]
[EventDate "2018.07.02"]
[EventType "swiss"]
[EventRounds "9"]
[EventCountry "FIN"]
[SourceTitle "EXT 2019"]
[Source "ChessBase"]
[SourceDate "2018.10.10"]
[SourceVersion "1"]
[SourceVersionDate "2018.10.10"]
[SourceQuality "1"]

1. d4 e6 2. Nf3 d5 3. c4 Nf6 4. Nc3 Be7 5. Bf4 Nh5 6. Be5 Nd7 7. e3 dxc4 8. Bxc4 Nxe5 9. dxe5 g6 10. Qb3 0-0 11. Rd1 Bd7 12. Qxb7 Rb8 13. Qxa7 Rxb2 14. 0-0 Rb6 15. Bb5 Bc5 16. Rxd7 Rxb5 17. Rxd8 Bxa7 18. Rxf8+ Kxf8 19. Nxb5 Bb6 20. Rc1 Ke7 21. Nxc7 Kd7 22. Nb5 Ng7 23. Nfd4 Ne8 24. Nc6 f5 25. a4 f4 26. exf4 Nc7 27. Nxc7 Kxc7 28. a5 1-0

[Event "EU-ch U12 27th"]
[Site "Mamaia"]
[Date "2017.09.07"]
[Round "3"]
[White "Tuominen, Matias"]
[Black "Martinez Soriano, Javier"]
[Result "1-0"]
[WhiteElo "1398"]
[BlackElo "1594"]
[PlyCount "115"]
[EventDate "2017.09.05"]
[EventType "swiss"]
[EventRounds "9"]
[EventCountry "ROU"]
[SourceTitle "CBM 180 Extra"]
[Source "ChessBase"]
[SourceDate "2017.10.06"]
[SourceVersion "1"]
[SourceVersionDate "2017.10.06"]
[SourceQuality "1"]

1. d4 Nf6 2. c4 e6 3. Nf3 b6 4. g3 Bb7 5. Bg2 d5 6. Nc3 Bb4 7. Qa4+ Nc6 8. Ne5 Qd6 9. Bf4 Nh5 10. Nxf7 Qd7 11. Nxh8 Nxf4 12. gxf4 Nxd4 13. Qxd7+ Kxd7 14. Nf7 Nc2+ 15. Kd2 Nxa1 16. Rxa1 Ke7 17. Ne5 Rd8 18. Kc2 Bxc3 19. bxc3 Rf8 20. cxd5 exd5 21. e3 g5 22. Nd3 c5 23. c4 dxc4 24. Bxb7 cxd3+ 25. Kxd3 gxf4 26. e4 Rd8+ 27. Bd5 b5 28. Rc1 c4+ 29. Kc3 a5 30. f3 b4+ 31. Kb2 c3+ 32. Kb3 Rd6 33. Rc2 Rh6 34. Rf2 Ra6 35. a3 Rb6 36. Rg2 a4+ 37. Kxa4 bxa3 38. Kxa3 Kf6 39. Rc2 Ke5 40. Rxc3 Rh6 41. Rc2 Rh3 42. Rf2 Kd4 43. Be6 Rh6 44. Bg4 Kc3 45. Ka4 Rb6 46. Ka5 Rd6 47. Re2 Kd3 48. e5 Rd5+ 49. Kb6 Kxe2 50. e6 Re5 51. Kc6 h5 52. Kd6 hxg4 53. Kxe5 gxf3 54. e7 f2 55. e8Q f3 56. Kf4+ Kd1 57. Qb5 Ke1 58. Kxf3 1-0

[Event "EU-ch U12 27th"]
[Site "Mamaia"]
[Date "2017.09.06"]
[Round "2"]
[White "Mainescu, Andrei Cristian"]
[Black "Tuominen, Matias"]
[Result "1-0"]
[WhiteElo "1677"]
[BlackElo "1398"]
[PlyCount "101"]
[EventDate "2017.09.05"]
[EventType "swiss"]
[EventRounds "9"]
[EventCountry "ROU"]
[SourceTitle "CBM 180 Extra"]
[Source "ChessBase"]
[SourceDate "2017.10.06"]
[SourceVersion "1"]
[SourceVersionDate "2017.10.06"]
[SourceQuality "1"]

1. e4 e6 2. d4 d5 3. Nd2 Nf6 4. e5 Nfd7 5. Bd3 c5 6. c3 Nc6 7. Ne2 Qb6 8. Nf3 cxd4 9. cxd4 f6 10. exf6 Nxf6 11. 0-0 Bd6 12. Ng5 0-0 13. Bb1 Bd7 14. Qd3 Nb4 15. Qh3 h6 16. Nxe6 Bxh2+ 17. Qxh2 Qxe6 18. Nf4 Qb6 19. Ng6 Ng4 20. Qg3 Rf6 21. Ne5 Qe6 22. Bd2 Nc6 23. Nxc6 Bxc6 24. f3 Bb5 25. Re1 Qb6 26. Qxg4 Raf8 27. Bc3 Rf4 28. Qe6+ Qxe6 29. Rxe6 Bc6 30. Bd3 R8f6 31. Rxf6 Rxf6 32. Re1 Kf7 33. Kf2 g5 34. Kg3 Bd7 35. Re5 Rd6 36. a3 Be6 37. Bf5 Bxf5 38. Rxf5+ Rf6 39. Rxd5 Kg6 40. Bb4 h5 41. Rd6 b6 42. Rxf6+ Kxf6 43. d5 Ke5 44. d6 Ke6 45. d7 Kxd7 46. Bd2 g4 47. fxg4 hxg4 48. Kxg4 a5 49. Kf5 Ke7 50. Kg6 Kf8 51. Kh7 1-0

[Event "Naantali Avoin op"]
[Site "Naantali"]
[Date "2017.07.04"]
[Round "2"]
[White "Tuominen, Matias"]
[Black "Norlamo, Sarabella"]
[Result "0-1"]
[WhiteElo "1346"]
[BlackElo "1649"]
[PlyCount "80"]
[EventDate "2017.07.03"]
[EventType "swiss"]
[EventRounds "7"]
[EventCountry "FIN"]
[SourceTitle "EXT 2018"]
[Source "ChessBase"]
[SourceDate "2017.10.13"]
[SourceVersion "1"]
[SourceVersionDate "2017.10.13"]
[SourceQuality "1"]

1. d4 Nf6 2. c4 g6 3. Nf3 Bg7 4. e3 d6 5. Nc3 Nbd7 6. Be2 0-0 7. 0-0 c5 8. a4 Qc7 9. d5 Ng4 10. Qc2 Nge5 11. Nh4 Nf6 12. f4 Ned7 13. Nb5 Qd8 14. g4 a6 15. Nc3 e6 16. e4 Nxd5 17. cxd5 Qxh4 18. Ra3 Nf6 19. g5 Ng4 20. Bxg4 Qxg4+ 21. Qg2 Bd4+ 22. Kh1 Qxg2+ 23. Kxg2 Bd7 24. Ne2 Bg7 25. h4 exd5 26. exd5 Bf5 27. Ng3 Bg4 28. Ne4 Rad8 29. Rg3 Bf5 30. Nf6+ Bxf6 31. gxf6 Be4+ 32. Kh3 Bxd5 33. f5 Rfe8 34. h5 Re2 35. fxg6 Be6+ 36. Kh4 Re4+ 37. Kg5 hxg6 38. Kh6 Kf8 39. Rfg1 Rh4 40. Be3 Rxh5# 0-1